LEADER 02722oam 2200577M 450 001 9910715434903321 005 20191116082331.8 035 $a(CKB)5470000002511697 035 $a(OCoLC)1065567385 035 $a(OCoLC)995470000002511697 035 $a(EXLCZ)995470000002511697 100 $a20070221d1821 ua 0 101 0 $aeng 135 $aurcn||||||||| 181 $ctxt$2rdacontent 182 $cc$2rdamedia 183 $acr$2rdacarrier 200 10$aIn Senate of the United States, February 9, 1821. Mr. Thomas, from the Committee on Public Lands, being instructed to inquire into the justice and expediency of granting land for the purposes of education, within the limits of the old states, corresponding with the appropriations which have been made for the same object within the limits of the new states, reported: That, under the laws of the United States, lands have been granted for the purposes of education .. 210 1$a[Washington, D.C.] :$c[publisher not identified],$d1821. 215 $a1 online resource (4 pages) $ctables 225 1 $aSenate document / 16th Congress, 2nd session. Senate ;$vno. 85 225 1 $a[United States congressional serial set ] ;$v[serial no. 43] 300 $aTitle from opening lines of text. 300 $aBatch processed record: Metadata reviewed, not verified. Some fields updated by batch processes. 300 $aFDLP item number not assigned. 606 $aFederal aid to education 606 $aLand grants 606 $aPublic land sales 606 $aPublic lands 606 $aSchool lands 606 $aStates' rights (American politics) 606 $aTaxation 608 $aLegislative materials.$2lcgft 615 0$aFederal aid to education. 615 0$aLand grants. 615 0$aPublic land sales. 615 0$aPublic lands. 615 0$aSchool lands. 615 0$aStates' rights (American politics) 615 0$aTaxation. 701 $aThomas$b Jesse Burgess$f1777-1853$pRepublican-Jeffersonian (IL)$01399334 801 0$bWYU 801 1$bWYU 801 2$bOCLCO 801 2$bOCLCQ 801 2$bOCLCO 801 2$bOCLCQ 906 $aBOOK 912 $a9910715434903321 996 $aIn Senate of the United States, February 9, 1821. Mr. Thomas, from the Committee on Public Lands, being instructed to inquire into the justice and expediency of granting land for the purposes of education, within the limits of the old states, corresponding with the appropriations which have been made for the same object within the limits of the new states, reported: That, under the laws of the United States, lands have been granted for the purposes of education .$93515815 997 $aUNINA